| 000 | 00887nam a2200301 a 4500 | ||
|---|---|---|---|
| 003 | AR-BaBNM | ||
| 005 | 20251128210249.0 | ||
| 008 | 082120s2002 ||||||||||||||000 | spa|| | ||
| 020 | _a84-331-0790-9 | ||
| 040 | _cAR-BaBNM | ||
| 100 | 1 | _aGallego Codes, Julio | |
| 245 | 0 | 0 |
_aLas estrategias cognitivas en el aula _bprogramas de intervención psicopedagógica |
| 260 |
_aMadrid _bEscuela Española _c1997 |
||
| 300 |
_a172 p. _btablas |
||
| 490 | 0 | _aEducación al día | |
| 504 | _aContiene bibliografía al final de cada capítulo | ||
| 650 | 4 | _aPROGRAMAS DE ENSEÑANZA | |
| 650 | 4 | _aRENDIMIENTO DEL ALUMNO | |
| 650 | 4 | _aINTELIGENCIA | |
| 650 | 4 | _aMEMORIA | |
| 650 | 4 | _aCOGNICION | |
| 653 | _aPROCESO DE ENSEÑANZA-APRENDIZAJE | ||
| 653 | _aESTRATEGIAS EDUCATIVAS | ||
| 653 | _aORIENTACION EDUCATIVA | ||
| 653 | _aPSICOPEDAGOGIA | ||
| 942 | _cBK | ||
| 998 | _cRaquel | ||
| 999 |
_c14692 _d14692 |
||